01125nam a2200193Ia 4500001001000000003001000010008004100020040002500061041001300086100002800099245002600127250001100153260006200164300002800226500026000254501011400514520026000628650004300888L227-5443IT-CnALBA170116s9999||||xx |||||||||||||| ||und|| aIT-CnALBAcIT-CnALBA aITALIANO aPAOLO, APOSTOLO E SANTO 0aLETTERE DI S. PAOLO.  a2a ed. a TO BO CT PAbSOCIETÀ ED. INTER. c1931 [1° Ed.: n.d.] a474 p. (prefazione: 56) aTRADUZIONE DAL GRECO E COMMENTO DI GIOVANNI RE. NOZIONI GENERALI SULLE LETTERE. STRUTTURA: INTRODUZIONE ARGOMENTO E DIVISIONE TESTO E NOTE. TESSALONICESI. CORINTI. GALATI, ROMANI, COLOSSESI FILEMONE EFESINI, PRIMA E SECONDA A TIMOTEO. A TITO. AGLI EBREI.  aSocietà San Paolo EM - Piazza San Paolo, 14 - 12051 ALBA (CN) (non commercial uses only) ® Copyright 2017 aTRADUZIONE DAL GRECO E COMMENTO DI GIOVANNI RE. NOZIONI GENERALI SULLE LETTERE. STRUTTURA: INTRODUZIONE ARGOMENTO E DIVISIONE TESTO E NOTE. TESSALONICESI. CORINTI. GALATI, ROMANI, COLOSSESI FILEMONE EFESINI, PRIMA E SECONDA A TIMOTEO. A TITO. AGLI EBREI.  aLETTERE DI S. PAOLO - LETTERE CATTOLIC